Sosyal demokrasinin geleceği (Record no. 6547)

MARC details
000 -BAŞLIK
Sabit Uzunlukta Kontrol Alanı 01432na a2200457 4500
001 - KONTROL NUMARASI
Denetim Alanı 23326
003 - KONTROL NUMARASI IDENTIFIER
Denetim Alanı MIRAKIL
005 - SON İŞLEM TARİHİ VE ZAMANI
Denetim Alanı 20181213155110.0
008 - SABİT-BOY VERİ ELEMANLARI - GENEL BİLGİLER
Sabit Uzunlukta Kontrol Alanı 170911b tu 000 0
020 ## - ULUSLARARASI STANDART KİTAP NUMARASI
Uluslararası Standart Kitap Numarası 9786056644436
040 ## - KATALOGLAMA KAYNAK
Orijinal Kataloglama Ajansı Milas
Kataloglama Dili tur
Metne Dönüştürmek Ajansı TR-AnCHP
041 ## - DİL KODU
Metin / Ses Parça Veya Ayrı Başlığın Dil Kodu tur
082 ## - DEWEY ONLU SINIFLANDIRMA NUMARASI
Sınıflandırma Numarası 320.5315
Ürün Numarası S67 2017
090 ## - SINIFLAMA NUMARASI
Sınıflama Numarası 320.5315 S67 2017
245 ## - BAŞLIK TABLOSU
Başlık Sosyal demokrasinin geleceği
Başlığın Kalan Sosyal Demokrat Değişim Dergisi yazıları
Sorumluluk Tablosu, Vb Sosyal Demokrasi Derneği
246 ## - UNVAN FORM VARYING
Başlık Doğru / Kısa Başlığı Sosyal Demokrat Değişim Dergisi yazıları
260 ## - YAYIN, DAĞITIM, VB
Yayın, Dağıtım, Vb Yeri Ankara
Yayıncı, Dağıtıcı, Vs Adı Sosyal Demokrasi Derneği
Yayın, Dağıtım, Vb Tarihi 2017
Üretici Firma Ziraat Grup Matbaacılık
300 ## - FİZİKSEL TANIM
Kapsam 247 s.
Boyutlar 19 sm.
440 ## - SERİSİ TABLOSU / KATMA GİRİŞİ - BAŞLIK
Başlık Sosyal Demokrasi Derneği Yayınları
Hacim / Ardışık Tanımı 14
490 ## - SERİSİ TABLOSU
Seri Beyanı Sosyal Demokrasi Düşünce Dünyası
Hacim / Ardışık Tanımı 5
504 ## - KAYNAKÇA VB NOT
Kaynakça Vb Notu Kaynakça var.
650 ## - KONU KATMA GİRİŞ - TOPİKAL DÖNEM
Topikal Süreli Veya Coğrafi Ad Giriş Elemanı Sosyal devlet
Coğrafi Alt Bölümü Türkiye
650 ## - KONU KATMA GİRİŞ - TOPİKAL DÖNEM
Topikal Süreli Veya Coğrafi Ad Giriş Elemanı CHP ve Sosyal Demokrasi
650 ## - KONU KATMA GİRİŞ - TOPİKAL DÖNEM
Topikal Süreli Veya Coğrafi Ad Giriş Elemanı Siyaset ve yönetim
Genel Alt Bölümü Sosyal demokrasi
Coğrafi Alt Bölümü Türkiye
700 ## - KATMA GİRİŞ - KİŞİSEL İSİM
Kişisel Ad Erder, Sema
700 ## - KATMA GİRİŞ - KİŞİSEL İSİM
Kişisel Ad Erder, Necat
700 ## - KATMA GİRİŞ - KİŞİSEL İSİM
Kişisel Ad Koray, Meryem
700 ## - KATMA GİRİŞ - KİŞİSEL İSİM
Kişisel Ad Ayata, Sencer
700 ## - KATMA GİRİŞ - KİŞİSEL İSİM
Kişisel Ad Uyar, Hakkı
700 ## - KATMA GİRİŞ - KİŞİSEL İSİM
Kişisel Ad Cıngı, Aydın
700 ## - KATMA GİRİŞ - KİŞİSEL İSİM
Kişisel Ad Özşahin, Şener
700 ## - KATMA GİRİŞ - KİŞİSEL İSİM
Kişisel Ad Batu, Ahmet
700 ## - KATMA GİRİŞ - KİŞİSEL İSİM
Kişisel Ad Kongar, Emre
700 ## - KATMA GİRİŞ - KİŞİSEL İSİM
Kişisel Ad Bozoğlu, Esin
700 ## - KATMA GİRİŞ - KİŞİSEL İSİM
Kişisel Ad Mauroy, Pierre
700 ## - KATMA GİRİŞ - KİŞİSEL İSİM
Kişisel Ad İleri, Hasan
700 ## - KATMA GİRİŞ - KİŞİSEL İSİM
Kişisel Ad Fincancıoğlu, Yurdakul
700 ## - KATMA GİRİŞ - KİŞİSEL İSİM
Kişisel Ad Tekeli, İlhan
740 ## - KATMA GİRİŞ - KONTROLSUZ İLGİLİ / ANALİTİK BAŞLIK
Kontrol Edilmeyen / İlgili Analitik Başlıktaki Sosyal Demokrat Değişim dergisi yazıları
942 ## - EKLENDİ GİRİŞ ELEMANLARI (KOHA)
Sınıflandırma Veya Raf Düzeni Kaynak Dewey Decimal Classification
Koha Öğesi Türü Books
999 ## - SİSTEM KONTROL NUMARALARI (KOHA)
Koha Biblionumber 6547
Koha Biblioitemnumber 6547
Holdings
Kalıcı Konum Mevcut Konum Edinme Tarihi Edinim Kaynak Toplam Check-Out'Lar Tam Çağrı Numarası Barkod Tarih Son Görülme İtibaren Geçerli Fiyatlar Koha Öğesi Türü
CHP Kütüphanesi CHP Kütüphanesi 09/11/2017 Bağış   320.5315 S67 2017 017311 09/11/2017 09/11/2017 Books
CHP Kütüphanesi CHP Kütüphanesi 03/15/2022     320.5315 S67 2017 020355 03/15/2022 03/15/2022 Books